| 000 | 00731nam a2200205 i 4500 | ||
|---|---|---|---|
| 001 | 45004 | ||
| 003 | ES-MaACL | ||
| 005 | 20230906161132.0 | ||
| 007 | t| | ||
| 008 | 030324s1948 it ||||1| ita d | ||
| 245 | 0 | 0 |
_aCodice civile con le disposizioni di attuazione e transitorie / _cappendice de disposizioni legislative dell Italia a cura di G. A. Raffaelli. |
| 250 | _aNuova ed. completamente aggiornata. | ||
| 260 |
_aMilano : _bUlrico Hoepli, _c1948 ( _fStucchi) |
||
| 300 |
_a769 p. ; _c16 cm. |
||
| 490 | 1 | _aManuali Hoepli. Codici e leggi d'Italia | |
| 700 | 1 |
_aRaffaelli, G. A. _994961 |
|
| 830 | 0 |
_aManuali Hoepli. Codici e leggi d'Italia _9229917 |
|
| 852 |
_aES-MaACL _jE-1240 _bR.27108 |
||
| 999 |
_c45004 _d45004 |
||